[Event "interzonal (w)"]
[Site "Azov URS"]
[Date "1990.??.??"]
[Round "8"]
[White "Arakhamia, Ketevan"]
[Black "Madl, Ildiko"]
[Result "1-0"]
[WhiteElo "2385"]
[BlackElo "2390"]
[EventDate "1990.06.??"]
[PlyCount "159"]

1.e4 c5 2.Nf3 d6 3.d4 cxd4 4.Nxd4 Nf6 5.Nc3 Nc6 6.Bg5 e6 7.Qd2 Be7 8.O-O-O
O-O 9.Nb3 Qb6 10.f3 Rd8 11.Be3 Qc7 12.Qf2 Nd7 13.g4 a6 14.g5 Nce5 15.Kb1 
b5 16.h4 b4 17.Ne2 Nc4 18.Bc1 Bb7 19.Ned4 d5 20.exd5 Bxd5 21.Rg1 a5 22.Nb5
Qb7 23.Bxc4 Bxc4 24.Nd6 Bxd6 25.Rxd6 Bd5 26.h5 Rdc8 27.h6 Qa7 28.Qxa7 Rxa7
29.Be3 Rac7 30.Nxa5 Bxf3 31.Rd2 Be4 32.Rc1 Ne5 33.b3 Nf3 34.Rf2 Rc3 35.Re2
Bd5 36.Kb2 R3c7 37.a3 bxa3+ 38.Kxa3 Ra8 39.b4 Ne5 40.Kb2 Nc4+ 41.Nxc4 Rxc4
42.Bd2 g6 43.Ree1 Rd4 44.Bc3 Rc4 45.Ra1 Rac8 46.Ra3 Rg4 47.Bd2 Rgc4 48.c3 
Rg4 49.Re2 Bc4 50.Rf2 e5 51.Ra5 Re4 52.Kc2 Kf8 53.Ra7 Be6 54.Bc1 Rec4 55.
Rf3 Bf5+ 56.Kb2 Rg4 57.Be3 e4 58.Rf1 Rg2+ 59.Rf2 Rg3 60.Re2 Bg4 61.Re1 
Rg2+ 62.Ka1 Rxc3 63.Bd4 Rc4 64.Bf6 Rgc2 65.b5 e3 66.Ra8+ Rc8 67.Rxc8+ Rxc8
68.Rxe3 Rb8 69.Bg7+ Kg8 70.b6 Be6 71.Bd4 Kf8 72.Kb2 Ke7 73.Ka3 Rc8 74.Rd3 
Rb8 75.Kb4 Rb7 76.Ka5 Rb8 77.Be5 Rb7 78.Ka6 Bc4+ 79.Kxb7 Bxd3 80.Kc7 1-0

[Event "interzonal (w)"]
[Site "Azov URS"]
[Date "1990.??.??"]
[Round "8"]
[White "Battsetseg, Tsagaan"]
[Black "Salazar Varon, Adriana"]
[Result "1-0"]
[WhiteElo "2230"]
[BlackElo "2115"]
[EventDate "1990.06.??"]
[PlyCount "143"]

1.e4 g6 2.d4 Bg7 3.Nc3 c6 4.Bc4 d5 5.exd5 b5 6.Bb3 b4 7.Nce2 cxd5 8.Nf3 
Nf6 9.Ne5 O-O 10.a3 bxa3 11.Rxa3 Qb6 12.O-O Nc6 13.Be3 Na5 14.Qd2 Nxb3 15.
Rxb3 Ne4 16.Qc1 Qc7 17.Nc3 Bxe5 18.dxe5 Nxc3 19.Rxc3 Qxe5 20.Qd2 Bf5 21.
Re1 Rfe8 22.Bxa7 Qd6 23.Bc5 Qd7 24.Rce3 e6 25.Bd4 Qe7 26.f3 g5 27.Re5 Bg6 
28.Rxd5 f6 29.Rc5 e5 30.Be3 Ra2 31.Qc3 Rb8 32.Rc7 Qe6 33.Rc6 Qf5 34.Bb6 
Qxc2 35.Qxc2 Bxc2 36.Rxf6 Rxb2 37.Bc7 Re8 38.Bxe5 Rb5 39.Bc3 Rxe1+ 40.Bxe1
Re5 41.Kf2 Bd3 42.Bb4 Re2+ 43.Kg1 Rc2 44.Bf8 Rc1+ 45.Kf2 Rc2+ 46.Ke3 Bf1 
47.Bh6 Re2+ 48.Kd4 Re8 49.g4 Be2 50.Bxg5 Kg7 51.Rf5 Kg6 52.Bh4 h6 53.Bg3 
h5 54.h3 hxg4 55.hxg4 Bd1 56.Be5 Bc2 57.Rh5 Rd8+ 58.Ke3 Rd3+ 59.Kf2 Bd1 
60.Rf5 Bc2 61.Rf8 Bd1 62.Rf5 Rb3 63.f4 Rf3+ 64.Kg2 Re3 65.Rf6+ Kh7 66.g5 
Bc2 67.Rh6+ Kg8 68.g6 Rxe5 69.fxe5 Kg7 70.Rh4 Kxg6 71.Rf4 Bb3 72.Kf3 1-0

[Event "interzonal (w)"]
[Site "Azov URS"]
[Date "1990.??.??"]
[Round "8"]
[White "Botsari, Anna-Maria"]
[Black "Prudnikova, Svetlana"]
[Result "1-0"]
[WhiteElo "2205"]
[BlackElo "2265"]
[EventDate "1990.06.??"]
[PlyCount "105"]

1.d4 Nf6 2.c4 e6 3.Nc3 c5 4.d5 exd5 5.cxd5 d6 6.e4 g6 7.f3 Bg7 8.Bg5 O-O 
9.Qd2 h6 10.Be3 Nbd7 11.Nh3 Ne5 12.Nf2 h5 13.Be2 Re8 14.O-O a6 15.a4 Rb8 
16.Rfb1 Ned7 17.Ra2 Nh7 18.b4 b6 19.bxc5 bxc5 20.Rxb8 Nxb8 21.a5 f5 22.Ra3
Qh4 23.Nd3 Bd4 24.g3 Qf6 25.Nf4 h4 26.Kg2 hxg3 27.hxg3 Bxe3 28.Qxe3 Ng5 
29.Ra4 Bd7 30.Ra2 Kg7 31.Rd2 fxe4 32.Nxe4 Nxe4 33.fxe4 Rh8 34.Rd1 Qb2 35.
Qc1 Qb4 36.Qa1+ Kg8 37.Qb1 Bb5 38.Qxb4 cxb4 39.Rb1 g5 40.Bxb5 gxf4 41.Ba4 
fxg3 42.Rxb4 Kf7 43.Kxg3 Kf6 44.Rb7 Ke5 45.Re7+ Kd4 46.Kf4 Rh1 47.Kf5 Rh5+
48.Kf6 Rh6+ 49.Kg5 Rh1 50.Be8 Ra1 51.Kf5 Rxa5 52.Rb7 Ra1 53.Rxb8 1-0

[Event "interzonal (w)"]
[Site "Azov URS"]
[Date "1990.??.??"]
[Round "8"]
[White "Chelushkina, Irina"]
[Black "Klimova-Richtrova, Eliska"]
[Result "0-1"]
[WhiteElo "2315"]
[BlackElo "2355"]
[EventDate "1990.06.??"]
[PlyCount "100"]

1.g3 e5 2.Bg2 d5 3.c4 dxc4 4.Qa4+ Nd7 5.Qxc4 Bd6 6.d3 Nb6 7.Qc2 c6 8.Nf3 
f5 9.O-O Nf6 10.a4 a5 11.Nc3 Nbd5 12.e4 fxe4 13.dxe4 Nb4 14.Qe2 O-O 15.Be3
Kh8 16.Nh4 Ng4 17.Rad1 Nxe3 18.fxe3 Rxf1+ 19.Bxf1 Qf6 20.Qf3 Bc7 21.Qxf6 
gxf6 22.Kf2 Be6 23.Nf5 Rd8 24.Rxd8+ Bxd8 25.Nd6 b6 26.Be2 Be7 27.Nc4 Bc5 
28.b3 Nc2 29.Bd3 Na1 30.Ke2 Nxb3 31.Kd1 Bb4 32.Kc2 Bxc4 33.Bxc4 Nc5 34.Na2
Nxe4 35.Bf7 Nd6 36.Be6 Kg7 37.Nc1 Kf8 38.Nd3 Ke7 39.Bg8 h6 40.g4 Ne4 41.h4
Nc3 42.Bb3 Nd5 43.Bxd5 cxd5 44.Nxb4 axb4 45.Kb3 Kd6 46.Kxb4 Kc6 47.h5 Kd6 
48.Kb5 d4 49.Kc4 dxe3 50.Kd3 e4+ 0-1

[Event "interzonal (w)"]
[Site "Azov URS"]
[Date "1990.??.??"]
[Round "8"]
[White "Finegold, Gina"]
[Black "Voiska, Margarita"]
[Result "1-0"]
[WhiteElo "2025"]
[BlackElo "2335"]
[EventDate "1990.06.??"]
[PlyCount "75"]

1.d4 Nf6 2.c4 g6 3.Nc3 Bg7 4.e4 d6 5.f4 c5 6.d5 O-O 7.Nf3 b5 8.cxb5 Qa5 9.
Bd2 a6 10.a4 Qb4 11.Bd3 c4 12.Bc2 Qc5 13.Qe2 axb5 14.Be3 Qb4 15.O-O bxa4 
16.e5 Ng4 17.Bd4 Nh6 18.Nxa4 Bf5 19.Nb6 Rxa1 20.Rxa1 Nd7 21.Ra4 Qb5 22.
Qxc4 Qxc4 23.Rxc4 Nxb6 24.Bxb6 Rb8 25.Bd4 Bg4 26.Rc7 Bf8 27.Bc3 Rb5 28.Be4
Nf5 29.Kf2 dxe5 30.fxe5 Bh6 31.Bxf5 Bxf5 32.Rxe7 Rxd5 33.Re8+ Kg7 34.e6+ 
f6 35.Re7+ Kg8 36.Bxf6 Rd6 37.Re8+ Bf8 38.Be7 1-0

[Event "interzonal (w)"]
[Site "Azov URS"]
[Date "1990.??.??"]
[Round "8"]
[White "Basagic, Vesna"]
[Black "Kachiani, Ketino"]
[Result "1/2-1/2"]
[WhiteElo "2270"]
[BlackElo "2365"]
[EventDate "1990.06.??"]
[PlyCount "26"]

1.e4 e5 2.Nc3 Nf6 3.Bc4 Nc6 4.d3 Bb4 5.Ne2 d5 6.exd5 Nxd5 7.O-O Bxc3 8.
Nxc3 Nxc3 9.bxc3 O-O 10.Qf3 Qd7 11.Re1 Na5 12.Rxe5 Nxc4 13.dxc4 Qg4 
1/2-1/2

[Event "interzonal (w)"]
[Site "Azov URS"]
[Date "1990.??.??"]
[Round "8"]
[White "Peng Zhaoqin"]
[Black "Galliamova, Alisa"]
[Result "1/2-1/2"]
[WhiteElo "2305"]
[BlackElo "2365"]
[EventDate "1990.06.??"]
[PlyCount "109"]

1.d4 Nf6 2.c4 e6 3.Nc3 Bb4 4.Qc2 O-O 5.a3 Bxc3+ 6.Qxc3 b6 7.Bg5 c5 8.dxc5 
bxc5 9.e3 Nc6 10.Nf3 h6 11.Bh4 Qa5 12.Qxa5 Nxa5 13.b4 Nc6 14.b5 Na5 15.Bd3
Bb7 16.O-O Ne4 17.Rac1 f6 18.Bxe4 Bxe4 19.Rfd1 Rfd8 20.Bg3 e5 21.Nd2 d5 
22.f4 Bg6 23.cxd5 Rxd5 24.Nf3 Rxd1+ 25.Rxd1 e4 26.Nh4 Be8 27.Rc1 Nb7 28.
Rb1 Rd8 29.a4 Rd3 30.Nf5 Kf8 31.Be1 Ra3 32.a5 Nxa5 33.Nd6 Bd7 34.b6 axb6 
35.Rxb6 Ra1 36.Kf2 f5 37.Ra6 Nb3 38.Rxa1 Nxa1 39.Bc3 Nb3 40.Nb7 Kf7 41.h4 
g6 42.Ke1 Ke7 43.Na5 Nc1 44.Nc4 Nd3+ 45.Kd2 Be8 46.Bg7 h5 47.Bc3 Ke6 48.
Ne5 Kd5 49.Nxd3 exd3 50.Kxd3 Bb5+ 51.Kd2 Bf1 52.g3 Ke4 53.Bf6 Kf3 54.Be7 
c4 55.Bf6 1/2-1/2

[Event "interzonal (w)"]
[Site "Azov URS"]
[Date "1990.??.??"]
[Round "8"]
[White "Uskova, Fliura"]
[Black "Burtman, Sharon"]
[Result "1-0"]
[WhiteElo "2290"]
[BlackElo "2045"]
[EventDate "1990.06.??"]
[PlyCount "65"]

1.e4 Nf6 2.e5 Nd5 3.c4 Nb6 4.d4 d6 5.exd6 cxd6 6.Nc3 Bf5 7.Nf3 e6 8.h3 Be7
9.Be3 O-O 10.Rc1 Nc6 11.Be2 Rc8 12.O-O d5 13.c5 Nd7 14.a3 a5 15.Qa4 Be4 
16.b4 axb4 17.axb4 e5 18.dxe5 Ndxe5 19.Nxe5 Nxe5 20.Rfd1 Ra8 21.Qb3 Qc8 
22.Nxd5 Bd8 23.Nc3 Bf5 24.Nb5 Be6 25.Qc3 Nc6 26.Nd6 Qc7 27.Bf4 f6 28.Bf3 
Ra4 29.Qe3 Ne5 30.Bxe5 fxe5 31.Qxe5 Qe7 32.Re1 Rf6 33.Bd5 1-0

[Event "interzonal (w)"]
[Site "Azov URS"]
[Date "1990.??.??"]
[Round "9"]
[White "Brustman, Agnieszka"]
[Black "Arakhamia, Ketevan"]
[Result "0-1"]
[WhiteElo "2325"]
[BlackElo "2385"]
[EventDate "1990.06.??"]
[PlyCount "70"]

1.e4 c5 2.Nf3 Nc6 3.d4 cxd4 4.Nxd4 e5 5.Nb5 d6 6.g3 Nf6 7.Bg2 Bg4 8.Qd3 
Rc8 9.N5c3 Qd7 10.Bg5 Nd4 11.O-O Be7 12.Kh1 Nxe4 13.Bxe7 Nc5 14.Qd2 Qxe7 
15.Nd5 Qd8 16.b4 Nd7 17.c3 Nc6 18.Ne3 Bh5 19.Nf5 O-O 20.Nxd6 Rc7 21.Nxb7 
Qb8 22.Nc5 Nxc5 23.bxc5 Rd8 24.Qc1 Qb5 25.Nd2 Qxc5 26.Ne4 Qc4 27.Qg5 Bg6 
28.Rfd1 Rxd1+ 29.Rxd1 h6 30.Qg4 Qxa2 31.Nd6 Qc2 32.Nb5 h5 33.Qf3 e4 34.
Nxc7 exf3 35.Bxf3 Be4 0-1

[Event "interzonal (w)"]
[Site "Azov URS"]
[Date "1990.??.??"]
[Round "9"]
[White "Burtman, Sharon"]
[Black "Chelushkina, Irina"]
[Result "0-1"]
[WhiteElo "2045"]
[BlackElo "2315"]
[EventDate "1990.06.??"]
[PlyCount "68"]

1.d4 g6 2.c4 Bg7 3.e4 c5 4.d5 d6 5.f4 e6 6.Nf3 Ne7 7.Be2 O-O 8.O-O exd5 9.
cxd5 Nd7 10.Nc3 Nb6 11.a4 Bg4 12.Ng5 Bxe2 13.Qxe2 h6 14.Nf3 Re8 15.Rd1 Nf5
16.Qd3 Nd4 17.Nxd4 cxd4 18.Nb5 Nd7 19.Re1 Nc5 20.Qf3 a6 21.Na3 Rc8 22.b3 
f5 23.e5 dxe5 24.fxe5 Ne4 25.Nc4 Qxd5 26.Nd6 Rc3 27.Qd1 Nxd6 28.exd6 Rxe1+
29.Qxe1 Qxd6 30.Qe8+ Kh7 31.Ba3 Qd5 32.Qe2 d3 33.Qf1 Rxb3 34.Be7 Qd4+ 0-1

[Event "interzonal (w)"]
[Site "Azov URS"]
[Date "1990.??.??"]
[Round "9"]
[White "Galliamova, Alisa"]
[Black "Basagic, Vesna"]
[Result "1-0"]
[WhiteElo "2365"]
[BlackElo "2270"]
[EventDate "1990.06.??"]
[PlyCount "105"]

1.Nf3 d5 2.c4 e6 3.g3 c5 4.Bg2 Nc6 5.O-O d4 6.e3 Nf6 7.exd4 cxd4 8.Re1 Be7
9.a3 a5 10.Ne5 Nxe5 11.Rxe5 Qc7 12.Rb5 Qxc4 13.a4 O-O 14.d3 Qc7 15.Bf4 Qd7
16.Nd2 Nd5 17.Be5 f6 18.Bxd5 exd5 19.Bxd4 Bb4 20.Nf1 Qf7 21.Rc1 Be6 22.Bc5
Bxc5 23.Rcxc5 d4 24.Qf3 Rab8 25.Qf4 Rfd8 26.Rc7 Qg6 27.Rbxb7 Rxb7 28.Rxb7 
h5 29.Rb8 Qe8 30.Rxd8 Qxd8 31.Qe4 Kf7 32.Qb7+ Kg6 33.Nd2 h4 34.Qe4+ Bf5 
35.Qxh4 Qd5 36.g4 Bxd3 37.Qh5+ Qxh5 38.gxh5+ Kf5 39.Nb3 Ke4 40.Nc5+ Kf3 
41.Nxd3 Ke2 42.Nf4+ Kf3 43.Nd3 Ke2 44.Nc1+ Kd1 45.Nb3 d3 46.Nxa5 Kc2 47.
Nc4 Kb3 48.Ne3 Kxa4 49.Kg2 Kb3 50.Kf3 Kxb2 51.Kf4 d2 52.Kf5 Kc3 53.Ke4 1-0

[Event "interzonal (w)"]
[Site "Azov URS"]
[Date "1990.??.??"]
[Round "9"]
[White "Madl, Ildiko"]
[Black "Uskova, Fliura"]
[Result "1/2-1/2"]
[WhiteElo "2390"]
[BlackElo "2290"]
[EventDate "1990.06.??"]
[PlyCount "62"]

1.e4 c5 2.Nf3 e6 3.d4 cxd4 4.Nxd4 a6 5.Bd3 Nf6 6.O-O Qc7 7.Nd2 d6 8.f4 g6 
9.N2f3 e5 10.fxe5 dxe5 11.Nb3 Bg7 12.Kh1 O-O 13.Qe1 Nh5 14.Qh4 Nd7 15.Be3 
Ndf6 16.Nfd2 b6 17.Nc4 b5 18.Nb6 Rb8 19.Nxc8 Qxc8 20.a4 Nf4 21.Bxf4 exf4 
22.axb5 axb5 23.Rxf4 Nh5 24.Rf3 Bxb2 25.Raf1 Ng7 26.Rh3 h5 27.Qg5 Ne6 28.
Qe3 Be5 29.Nc1 Qc5 30.Qh6 Bg7 31.Qd2 Qe5 1/2-1/2

[Event "interzonal (w)"]
[Site "Azov URS"]
[Date "1990.??.??"]
[Round "9"]
[White "Prudnikova, Svetlana"]
[Black "Amura, Claudia"]
[Result "1-0"]
[WhiteElo "2265"]
[BlackElo "2285"]
[EventDate "1990.06.??"]
[PlyCount "123"]

1.d4 Nf6 2.c4 g6 3.Nc3 d5 4.Bf4 Bg7 5.e3 c5 6.dxc5 Qa5 7.Qb3 Nc6 8.Qb5 Be6
9.Nf3 dxc4 10.Ng5 Nd5 11.Qxa5 Nxa5 12.Nxd5 Bxd5 13.O-O-O O-O-O 14.e4 Bc6 
15.Be2 Bh6 16.Bg4+ Bd7 17.Bxd7+ Rxd7 18.Rxd7 Kxd7 19.Kc2 Rc8 20.Rd1+ Ke8 
21.Rd5 Rc6 22.Bd2 e6 23.Rd6 Rxd6 24.cxd6 Bxg5 25.Bxg5 e5 26.Kc3 Kd7 27.Kb4
b6 28.Kb5 Kxd6 29.Bd2 Nc6 30.Kxc4 Nd4 31.Bc3 Ne6 32.Kb5 Nc7+ 33.Kc4 Ne6 
34.Kb5 Nc7+ 35.Kc4 Ne6 36.Bb4+ Kc6 37.Be7 Nf4 38.g3 Nh3 39.f3 Ng1 40.f4 
exf4 41.gxf4 Nh3 42.f5 Ng1 43.Kd3 gxf5 44.exf5 Kd5 45.Bf6 Nf3 46.h3 Ne5+ 
47.Ke3 Nc4+ 48.Kf4 Nd6 49.Bd8 Ne4 50.Bc7 Nf2 51.h4 Nd3+ 52.Kg5 Nxb2 53.Kh6
Ke4 54.Kxh7 Kxf5 55.h5 Na4 56.h6 Nc5 57.Kg8 Nd7 58.Kxf7 Nf6 59.Bd8 Ng4 60.
h7 Ne5+ 61.Kg7 Ng6 62.a4 1-0

[Event "interzonal (w)"]
[Site "Azov URS"]
[Date "1990.??.??"]
[Round "9"]
[White "Klimova-Richtrova, Eliska"]
[Black "Battsetseg, Tsagaan"]
[Result "1-0"]
[WhiteElo "2355"]
[BlackElo "2230"]
[EventDate "1990.06.??"]
[PlyCount "83"]

1.d4 Nf6 2.c4 g6 3.Nc3 Bg7 4.Nf3 d6 5.g3 O-O 6.Bg2 Nbd7 7.O-O e5 8.e4 c6 
9.h3 exd4 10.Nxd4 Nc5 11.Be3 Re8 12.Qc2 Qe7 13.Rfe1 a5 14.Rad1 Qc7 15.b3 
Bd7 16.f4 Rad8 17.Bf2 Bc8 18.Rd2 Re7 19.Nde2 b6 20.Nd4 Bb7 21.g4 Rde8 22.
Rde2 Ne6 23.Nxe6 Rxe6 24.Qd2 Ba6 25.f5 gxf5 26.exf5 Rxe2 27.Rxe2 Rxe2 28.
Qxe2 d5 29.g5 Ne4 30.Nxe4 dxe4 31.Qxe4 Qe5 32.Qxe5 Bxe5 33.Bxb6 a4 34.Bxc6
axb3 35.axb3 Bc8 36.Be4 Bf4 37.h4 Bg3 38.Bf2 Bd6 39.Kg2 Kg7 40.Bd4+ Kf8 
41.c5 Bc7 42.b4 1-0

[Event "interzonal (w)"]
[Site "Azov URS"]
[Date "1990.??.??"]
[Round "9"]
[White "Salazar Varon, Adriana"]
[Black "Finegold, Gina"]
[Result "1-0"]
[WhiteElo "2115"]
[BlackElo "2025"]
[EventDate "1990.06.??"]
[PlyCount "87"]

1.e4 e5 2.Nf3 Nc6 3.Bb5 Nf6 4.d4 exd4 5.O-O a6 6.Ba4 Be7 7.Re1 b5 8.Bb3 d6
9.Bd5 Bd7 10.Nxd4 Nxd5 11.Nxc6 Bxc6 12.exd5 Bb7 13.Nc3 O-O 14.a4 b4 15.Ne4
f5 16.Ng3 Qd7 17.Nh5 Bf6 18.Nxf6+ Rxf6 19.b3 Qf7 20.Bg5 Rg6 21.Qh5 Qxd5 
22.f3 f4 23.h4 Qc5+ 24.Kh1 Qxc2 25.Rac1 Qxb3 26.Rxc7 Qd5 27.Ree7 Bc6 28.
Qxg6 hxg6 29.Rxg7+ Kf8 30.Rh7 Qg8 31.Bh6+ Ke8 32.Rhe7+ Kd8 33.Bg5 Qd5 34.
Rh7+ Qxg5 35.hxg5 Bxa4 36.Rb7 a5 37.Rh8+ Be8 38.Rg7 b3 39.Rxe8+ Kxe8 40.
Rg8+ Kd7 41.Rxa8 Kc6 42.g3 d5 43.gxf4 d4 44.Kg2 1-0

[Event "interzonal (w)"]
[Site "Azov URS"]
[Date "1990.??.??"]
[Round "9"]
[White "Voiska, Margarita"]
[Black "Peng Zhaoqin"]
[Result "1/2-1/2"]
[WhiteElo "2335"]
[BlackElo "2305"]
[EventDate "1990.06.??"]
[PlyCount "99"]

1.d4 Nf6 2.Nf3 g6 3.g3 Bg7 4.Bg2 O-O 5.O-O d5 6.c4 dxc4 7.Na3 c3 8.bxc3 c5
9.Bb2 Nc6 10.e3 Bf5 11.Qe2 Be4 12.Nc4 Na5 13.Ncd2 Bc6 14.Ba3 cxd4 15.cxd4 
Ne4 16.Rfc1 Nd6 17.Rab1 Rc8 18.Bh3 Bd7 19.Rxc8 Qxc8 20.Bf1 Bf5 21.Rc1 Qd7 
22.Qd1 Rd8 23.Nb3 Qa4 24.Bxd6 Rxd6 25.Rc5 b6 26.Rc7 Qxa2 27.Nxa5 Qxa5 28.
Rxe7 Bf6 29.Rc7 b5 30.Rc5 a6 31.Bd3 Be6 32.Nd2 Rd8 33.Ne4 Be7 34.Rc1 Qb6 
35.Nc5 Rc8 36.Nxe6 Qxe6 37.Rxc8+ Qxc8 38.Qc2 Qe6 39.Qe2 Kg7 40.e4 Bd8 41.
Kg2 Bb6 42.d5 Qe5 43.h4 Bc5 44.f4 Qd4 45.Kh3 h5 46.Qf3 f6 47.e5 Qe3 48.
Qxe3 Bxe3 49.exf6+ Kxf6 50.Kg2 1/2-1/2

[Event "interzonal (w)"]
[Site "Azov URS"]
[Date "1990.??.??"]
[Round "10"]
[White "Amura, Claudia"]
[Black "Arakhamia, Ketevan"]
[Result "1/2-1/2"]
[WhiteElo "2285"]
[BlackElo "2385"]
[EventDate "1990.06.??"]
[PlyCount "87"]

1.d4 Nf6 2.c4 g6 3.Nc3 Bg7 4.e4 d6 5.Be2 O-O 6.Bg5 Nbd7 7.f4 c5 8.e5 cxd4 
9.Qxd4 Ne8 10.Nf3 Nc7 11.Qe3 f6 12.exd6 exd6 13.Bh4 Nb6 14.O-O Be6 15.b3 
Re8 16.Qd2 d5 17.c5 Nc8 18.Nd4 Bf7 19.Bg4 a6 20.Rad1 Ne7 21.b4 Nc6 22.Nce2
Nb5 23.Nxc6 bxc6 24.Qd3 Re4 25.a4 Nc7 26.Nd4 Qe8 27.Bf3 Re3 28.Qd2 Ra3 29.
Rfe1 Qd7 30.Qb2 Rxf3 31.Nxf3 g5 32.Bf2 gxf4 33.Nd4 Bg6 34.Qd2 Bh6 35.h3 
Be4 36.Bg3 Qg7 37.Bh2 Kh8 38.Rxe4 dxe4 39.Nf5 e3 40.Nxg7 exd2 41.Nf5 Bf8 
42.Bxf4 Nd5 43.Bxd2 a5 44.bxa5 1/2-1/2

[Event "interzonal (w)"]
[Site "Azov URS"]
[Date "1990.??.??"]
[Round "10"]
[White "Battsetseg, Tsagaan"]
[Black "Burtman, Sharon"]
[Result "1-0"]
[WhiteElo "2230"]
[BlackElo "2045"]
[EventDate "1990.06.??"]
[PlyCount "83"]

1.e4 Nf6 2.e5 Nd5 3.d4 d6 4.Nf3 Bg4 5.Be2 e6 6.O-O Be7 7.c4 Nb6 8.h3 Bh5 
9.exd6 cxd6 10.Nbd2 O-O 11.b3 Nc6 12.Bb2 d5 13.c5 Nd7 14.Bc3 Bf6 15.b4 Bg6
16.b5 Ne7 17.Nb3 Nf5 18.Qd2 Re8 19.Rfe1 h6 20.Bd3 Nf8 21.a4 Nh7 22.a5 Ng5 
23.Nxg5 Bxg5 24.Qc2 Nh4 25.Bxg6 Nxg6 26.g3 Qd7 27.Qd3 Rab8 28.f4 Be7 29.
Nd2 Nf8 30.Nf3 Nh7 31.Ne5 Qc8 32.a6 Nf6 33.axb7 Qxb7 34.Reb1 Ra8 35.Ra6 
Ne4 36.Nc6 f6 37.Bb4 Rec8 38.Rba1 Rc7 39.Nxe7+ Rxe7 40.c6 Qc7 41.Bxe7 Qxe7
42.b6 1-0

[Event "interzonal (w)"]
[Site "Azov URS"]
[Date "1990.??.??"]
[Round "10"]
[White "Botsari, Anna-Maria"]
[Black "Galliamova, Alisa"]
[Result "0-1"]
[WhiteElo "2205"]
[BlackElo "2365"]
[EventDate "1990.06.??"]
[PlyCount "80"]

1.d4 Nf6 2.c4 e6 3.Nc3 Bb4 4.Qc2 O-O 5.a3 Bxc3+ 6.Qxc3 b6 7.Bg5 Bb7 8.f3 
c5 9.dxc5 bxc5 10.e3 a5 11.Nh3 d6 12.Rd1 Ra6 13.Nf2 h6 14.Bf4 Nh5 15.Bg3 
a4 16.Be2 Rb6 17.Rd3 Nxg3 18.hxg3 Nc6 19.f4 Ne7 20.Bf3 Qa8 21.Bxb7 Qxb7 
22.O-O Nf5 23.Rb1 Nxg3 24.Qc2 Nf5 25.Nd1 Qe4 26.Rd2 Qc6 27.Rd3 Qe4 28.Kf2 
Nh4 29.Kg3 g5 30.Rc3 Nf5+ 31.Kf2 Qxc2+ 32.Rxc2 gxf4 33.exf4 Nd4 34.Rd2 
Rfb8 35.Nc3 Rb3 36.Nxa4 Rxa3 37.bxa3 Rxb1 38.Ra2 Rb3 39.Nb2 Nc2 40.a4 Nb4 
0-1

[Event "interzonal (w)"]
[Site "Azov URS"]
[Date "1990.??.??"]
[Round "10"]
[White "Chelushkina, Irina"]
[Black "Madl, Ildiko"]
[Result "0-1"]
[WhiteElo "2315"]
[BlackElo "2390"]
[EventDate "1990.06.??"]
[PlyCount "121"]

1.g3 e5 2.Bg2 d5 3.c4 Nf6 4.cxd5 Nxd5 5.Nf3 Nc6 6.O-O Be7 7.d4 exd4 8.Nxd4
Nxd4 9.Qxd4 Nf6 10.Qa4+ c6 11.Rd1 Qb6 12.Be3 Qc7 13.Bf4 Qb6 14.Nd2 Ng4 15.
e3 O-O 16.h3 Nf6 17.Nc4 Qb4 18.Qxb4 Bxb4 19.a3 Be7 20.b4 Nd5 21.Be5 f6 22.
Bd4 Rd8 23.Na5 Kf7 24.Rac1 Nb6 25.Bc5 Rxd1+ 26.Rxd1 Bxc5 27.bxc5 Nd7 28.
Nxc6 Nxc5 29.Rd5 Nd7 30.Nd4 g6 31.h4 a6 32.h5 Rb8 33.hxg6+ hxg6 34.Rd6 Ke7
35.Re6+ Kd8 36.Re4 Kc7 37.Ne6+ Kd6 38.Nf4 Ne5 39.Rd4+ Ke7 40.Nd5+ Kf7 41.
f4 Nc6 42.Rd2 Be6 43.Rb2 Na5 44.Nc7 Bb3 45.Rd2 Ke7 46.Nd5+ Bxd5 47.Rxd5 b5
48.a4 Nc4 49.axb5 axb5 50.Kf2 b4 51.Rc5 Nd6 52.Rc7+ Ke6 53.Bh3+ f5 54.Bf1 
b3 55.Bd3 b2 56.Bb1 Ne4+ 57.Kg2 Rb3 58.Rc6+ Kd5 59.Rxg6 Rxe3 60.Ba2+ Kd4 
61.Kh3 0-1

[Event "interzonal (w)"]
[Site "Azov URS"]
[Date "1990.??.??"]
[Round "10"]
[White "Finegold, Gina"]
[Black "Klimova-Richtrova, Eliska"]
[Result "1-0"]
[WhiteElo "2025"]
[BlackElo "2355"]
[EventDate "1990.06.??"]
[PlyCount "85"]

1.d4 f5 2.g3 Nf6 3.Bg2 d6 4.Nf3 g6 5.O-O Bg7 6.c4 O-O 7.Nc3 Nc6 8.d5 Na5 
9.Qd3 c5 10.Nd2 a6 11.a3 Ng4 12.Qc2 Ne5 13.b3 Rb8 14.Bb2 f4 15.Nce4 b5 16.
cxb5 Rxb5 17.Bc3 Bg4 18.f3 Bd7 19.b4 Nb7 20.a4 Rxb4 21.Bxb4 cxb4 22.Rac1 
Qb6+ 23.Kh1 Qe3 24.Qc7 Nc5 25.Nxc5 dxc5 26.Nc4 Nxc4 27.Rxc4 Bxa4 28.Re4 
Qc3 29.Rxe7 b3 30.d6 Bf6 31.Rxh7 b2 32.Bh3 Qe5 33.Rh6 Bg7 34.Rxg6 Bc2 35.
Be6+ Kh8 36.gxf4 Qd4 37.Rg3 Bh7 38.Rh3 Qxf4 39.Rg1 Qd4 40.Qb7 a5 41.Bd5 
Rg8 42.Bxg8 Kxg8 43.Qb8+ 1-0

[Event "interzonal (w)"]
[Site "Azov URS"]
[Date "1990.??.??"]
[Round "10"]
[White "Basagic, Vesna"]
[Black "Voiska, Margarita"]
[Result "1-0"]
[WhiteElo "2270"]
[BlackElo "2335"]
[EventDate "1990.06.??"]
[PlyCount "81"]

1.d4 e6 2.e4 d5 3.Nc3 Nf6 4.Bd3 c5 5.exd5 Nxd5 6.Nf3 Nxc3 7.bxc3 Nc6 8.O-O
Be7 9.Qe2 O-O 10.Rd1 Qc7 11.Qe4 g6 12.Bf4 Bd6 13.Bxd6 Qxd6 14.Qe3 cxd4 15.
cxd4 Qe7 16.c3 b6 17.Re1 Rd8 18.Qh6 Qf8 19.Qf4 Bb7 20.Be4 Rac8 21.Re3 Ba8 
22.Bxc6 Bxc6 23.Ne5 Bd5 24.Ng4 f5 25.Ne5 Re8 26.Rg3 Re7 27.h4 Rg7 28.a4 
Rcc7 29.c4 Be4 30.a5 Qd8 31.axb6 axb6 32.Rga3 g5 33.hxg5 Rxg5 34.Nf3 Rg4 
35.Qe5 Rg6 36.Nh4 Rf6 37.Rg3+ Kf7 38.Nf3 Rg6 39.Rxg6 hxg6 40.Ng5+ Qxg5 41.
Qxc7+ 1-0

[Event "interzonal (w)"]
[Site "Azov URS"]
[Date "1990.??.??"]
[Round "10"]
[White "Peng Zhaoqin"]
[Black "Salazar Varon, Adriana"]
[Result "1-0"]
[WhiteElo "2305"]
[BlackElo "2115"]
[EventDate "1990.06.??"]
[PlyCount "69"]

1.d4 Nf6 2.c4 g6 3.Nc3 Bg7 4.e4 d6 5.f4 c5 6.d5 O-O 7.Nf3 e6 8.dxe6 fxe6 
9.Bd3 Nc6 10.O-O Nd4 11.Nxd4 cxd4 12.Nb5 e5 13.fxe5 dxe5 14.c5 Be6 15.Bg5 
a6 16.Nd6 Qc7 17.b4 b6 18.Qc2 bxc5 19.Qxc5 Qd7 20.Nc4 Rac8 21.Nb6 Rxc5 22.
Nxd7 Nxd7 23.bxc5 Nxc5 24.Rxf8+ Bxf8 25.Bc2 d3 26.Bb3 Bxb3 27.axb3 Nxe4 
28.Be3 d2 29.Kf1 Nc5 30.Bxc5 Bxc5 31.Ke2 Bb4 32.Rxa6 g5 33.Re6 Bc3 34.Rc6 
Bb4 35.Rc4 1-0

[Event "interzonal (w)"]
[Site "Azov URS"]
[Date "1990.??.??"]
[Round "10"]
[White "Prudnikova, Svetlana"]
[Black "Kachiani, Ketino"]
[Result "1-0"]
[WhiteElo "2265"]
[BlackElo "2365"]
[EventDate "1990.06.??"]
[PlyCount "101"]

1.d4 Nf6 2.c4 e6 3.Nc3 Bb4 4.Qc2 O-O 5.a3 Bxc3+ 6.Qxc3 b6 7.Bg5 Bb7 8.f3 
h6 9.Bh4 d5 10.cxd5 exd5 11.Bxf6 Qxf6 12.Qxc7 Ba6 13.Qe5 Qxe5 14.dxe5 Nd7 
15.f4 Rac8 16.Nf3 Nc5 17.Nd4 Ne6 18.e3 Bxf1 19.Rxf1 Nxd4 20.exd4 Rc2 21.
Rf2 Rfc8 22.Rd2 Kf8 23.Ke2 Ke8 24.Kd3 Rc1 25.Rxc1 Rxc1 26.Rc2 Rd1+ 27.Ke3 
Kd7 28.f5 Re1+ 29.Re2 Rf1 30.Rf2 Re1+ 31.Kd3 Rd1+ 32.Kc3 Rc1+ 33.Kd2 Rb1 
34.Kc2 Re1 35.g3 Re4 36.Kd3 Re1 37.Kd2 Rb1 38.Ke3 Re1+ 39.Re2 Rf1 40.Rf2 
Re1+ 41.Re2 Rf1 42.g4 Rd1 43.h4 Rh1 44.h5 Rh3+ 45.Kf4 Rd3 46.e6+ fxe6 47.
fxe6+ Ke7 48.Ke5 Rg3 49.Rc2 Rxg4 50.Rc7+ Kd8 51.Kd6 1-0

[Event "interzonal (w)"]
[Site "Azov URS"]
[Date "1990.??.??"]
[Round "10"]
[White "Uskova, Fliura"]
[Black "Brustman, Agnieszka"]
[Result "0-1"]
[WhiteElo "2290"]
[BlackElo "2325"]
[EventDate "1990.06.??"]
[PlyCount "124"]

1.d4 Nf6 2.c4 g6 3.Nc3 Bg7 4.e4 d6 5.f4 O-O 6.Nf3 c5 7.d5 e6 8.Be2 exd5 9.
cxd5 Bg4 10.O-O Nbd7 11.Re1 Re8 12.h3 Bxf3 13.Bxf3 c4 14.Kh1 Nc5 15.Re2 
Nd3 16.Qc2 a6 17.Be3 b5 18.b3 Rb8 19.Rd1 Qa5 20.Bd2 Qb6 21.Be3 Qa5 22.Bd2 
Qb6 23.Be3 Qc7 24.g4 Nd7 25.Nxb5 axb5 26.Rxd3 cxd3 27.Qxc7 dxe2 28.Bxe2 
Nf6 29.Bd3 Rbc8 30.Qb7 Rb8 31.Qc7 Rbc8 32.Qb7 Rb8 33.Qc6 Nxe4 34.Ba7 Rbc8 
35.Qxb5 Nc3 36.Qd7 Rcd8 37.Qb7 Nxa2 38.b4 Nc1 39.Bb5 Re1+ 40.Kg2 Nb3 41.
Qc7 Ra8 42.Bc6 Rc1 43.Qxd6 Rc2+ 44.Kg3 Nd2 45.Qd7 Ne4+ 46.Kf3 Nd2+ 47.Ke3 
Nc4+ 48.Ke4 f5+ 49.gxf5 gxf5+ 50.Kd3 Rc3+ 51.Ke2 Rf8 52.Bc5 Rc2+ 53.Kd1 
Rd2+ 54.Kc1 Bc3 55.Qe6+ Kh8 56.Bxf8 Rh2 57.Kd1 Nd2 58.Ke1 Nc4+ 59.Kd1 Nb2+
60.Kc1 Nd3+ 61.Kb1 Rb2+ 62.Ka1 Rb3+ 0-1

[Event "interzonal (w)"]
[Site "Azov URS"]
[Date "1990.??.??"]
[Round "11"]
[White "Arakhamia, Ketevan"]
[Black "Uskova, Fliura"]
[Result "1-0"]
[WhiteElo "2385"]
[BlackElo "2290"]
[EventDate "1990.06.??"]
[PlyCount "135"]

1.e4 c5 2.Nf3 e6 3.d4 cxd4 4.Nxd4 a6 5.Bd3 Ne7 6.O-O Nec6 7.Nf3 Be7 8.Qe2 
d6 9.c4 Nd7 10.Rd1 O-O 11.Nc3 Nce5 12.Bf4 Qc7 13.Rac1 b6 14.b3 Nxd3 15.
Rxd3 Ne5 16.Bxe5 dxe5 17.Rcd1 Qb8 18.a4 Bb7 19.Ne1 Bc6 20.Rh3 f5 21.Nd3 
Bd6 22.b4 Qe8 23.c5 bxc5 24.bxc5 Bc7 25.exf5 exf5 26.Nb4 Kh8 27.Ncd5 Bd8 
28.Nxc6 Qxc6 29.Qxe5 Qxa4 30.Rc1 Bg5 31.Rg3 Rae8 32.Qc3 Qh4 33.c6 f4 34.
Rh3 Qg4 35.Rf3 Qf5 36.Nb6 Bf6 37.Qd3 Bb2 38.Qxf5 Rxf5 39.Rb1 Bd4 40.h3 g5 
41.Nd7 Rb5 42.Rd1 Bb2 43.h4 Rc8 44.Rd6 a5 45.hxg5 a4 46.Rxf4 Ra8 47.c7 a3 
48.Nb6 Rg8 49.Rd8 Rc5 50.Rxg8+ Kxg8 51.c8=Q+ Rxc8 52.Nxc8 a2 53.Ra4 a1=Q+ 
54.Rxa1 Bxa1 55.f4 Kf7 56.Nd6+ Ke6 57.Nc4 Kf5 58.g3 Bg7 59.Kg2 h6 60.gxh6 
Bxh6 61.Kf3 Bg7 62.g4+ Ke6 63.Ke4 Bf8 64.Ne3 Bb4 65.Nd5 Ba3 66.Ne3 Kf6 67.
Kd5 Bc1 68.Ke4 1-0